[Event "ICS Rated blitz match"]
[Site "207.99.83.229"]
[Date "1999.07.13"]
[Round "?"]
[White "Hossa"]
[Black "DiepX"]
[Result "0-1"]
[WhiteElo "2451"]
[BlackElo "2616"]
[PlyCount "86"]
[EventDate "1999.??.??"]

1. d4 d5 2. c4 dxc4 3. e4 e5 4. Nf3 exd4 5. Bxc4 Bb4+ 6. Nbd2 Nc6 7. O-O Nf6 8.
Nb3 O-O 9. Bb5 Bd7 10. Bxc6 Bxc6 11. e5 Ng4 12. Nfxd4 Nxe5 13. a3 Bd6 14. f4
Ba4 15. fxe5 Bc5 16. Be3 Bxd4 17. Qxd4 Bxb3 18. Qc3 Bd5 19. Rad1 c6 20. Qc2 Re8
21. Qf5 Qc7 22. Bf4 Qb6+ 23. Rf2 Be6 24. Qg5 Rad8 25. Qh5 Bb3 26. Rdd2 Rxd2 27.
Bxd2 Rd8 28. Qg5 Rd3 29. Qe7 h5 30. Qb4 Qd8 31. Re2 Be6 32. Qf4 Qb6+ 33. Be3
Rd1+ 34. Kf2 Qb5 35. a4 Qd3 36. Re1 Rxe1 37. Kxe1 Bc4 38. Kf2 h4 39. Bd2 Qf1+
40. Ke3 Qe2+ 41. Kd4 Qd3+ 42. Kc5 b6+ 43. Kxc6 43... Be6 {Hossa resigns} 0-1

[Event "ICS rated blitz match"]
[Site "207.99.83.229"]
[Date "1999.07.13"]
[Round "?"]
[White "DiepX"]
[Black "Hossa"]
[Result "1-0"]
[WhiteElo "2625"]
[BlackElo "2442"]
[PlyCount "47"]
[EventDate "1999.??.??"]

1. e4 Nf6 2. Nc3 e5 3. f4 exf4 4. e5 Ng8 5. Nf3 a6 6. Qe2 Nc6 7. d4 Nge7 8. d5
Nb4 9. d6 Ned5 10. Nxd5 Nxd5 11. Qe4 c6 12. Bxf4 Nxf4 13. Qxf4 Qb6 14. O-O-O
Qf2 15. Bc4 Kd8 16. Qg5+ Ke8 17. Rhf1 Qxf1 18. Rxf1 h6 19. Bxf7+ Kxf7 20. Nd4+
Kg8 21. Rxf8+ Kxf8 22. Qe7+ Kg8 23. Nf5 Rb8 24. Qxg7# {Hossa checkmated} 1-0

[Event "ICS Rated blitz match"]
[Site "207.99.83.229"]
[Date "1999.07.13"]
[Round "?"]
[White "Hossa"]
[Black "DiepX"]
[Result "0-1"]
[WhiteElo "2434"]
[BlackElo "2633"]
[PlyCount "64"]
[EventDate "1999.??.??"]

1. d4 Nf6 2. c4 e6 3. Nc3 Bb4 4. Bg5 h6 5. Bh4 c5 6. e4 Bxc3+ 7. bxc3 Qa5 8.
Rc1 Nxe4 9. d5 Qxa2 10. dxe6 O-O 11. f3 Ng5 12. Bxg5 hxg5 13. Ra1 Qb2 14. exf7+
Rxf7 15. Ne2 d6 16. Rb1 Qa2 17. Ra1 Qxc4 18. Qxd6 Nc6 19. Ra3 Rf6 20. Qd1 Qe6
21. Ra4 Rf4 22. Kf2 Rxa4 23. Qxa4 Qd6 24. Qc4+ Be6 25. Qb5 g4 26. f4 Re8 27.
Kg1 b6 28. Kf2 Bf5 29. Qc4+ Re6 30. Ke1 Na5 31. Qa6 Qd7 32. c4 32... Bd3 {
Hossa resigns} 0-1

[Event "ICS Rated blitz match"]
[Site "207.99.83.229"]
[Date "1999.07.13"]
[Round "?"]
[White "SuperChicken"]
[Black "Hossa"]
[Result "1-0"]
[WhiteElo "2684"]
[BlackElo "2426"]
[PlyCount "84"]
[EventDate "1999.??.??"]

1. e4 Nf6 2. Nc3 e5 3. f4 exf4 4. d4 Bb4 5. Bd3 Nc6 6. d5 Ne5 7. Bxf4 Bxc3+ 8.
bxc3 d6 9. Nf3 Bg4 10. Bxe5 dxe5 11. Bb5+ Kf8 12. Qd3 a6 13. Bc4 Bxf3 14. Qxf3
c6 15. dxc6 Rc8 16. O-O Qb6+ 17. Qf2 Qxf2+ 18. Rxf2 Rxc6 19. Bd5 Nxd5 20. exd5
Rxc3 21. Re1 f6 22. Rxe5 Ra3 23. d6 Rxa2 24. Re7 Ra1+ 25. Rf1 Ra5 26. Rfe1 Rd5
27. Re8+ Kf7 28. R1e7+ Kg6 29. Rxh8 Rxd6 30. Rg8 Rd1+ 31. Kf2 Kf5 32. Rgxg7 h6
33. Rxb7 Rd2+ 34. Kf3 Rxc2 35. g4+ Ke5 36. Rbe7+ Kd5 37. Rd7+ Kc4 38. Rc7+ Kb3
39. Rxc2 Kxc2 40. Rh7 a5 41. Rxh6 Kd3 42. Rxf6 42... Kd2 {Hossa resigns} 1-0

[Event "ICS Rated blitz match"]
[Site "207.99.83.229"]
[Date "1999.07.13"]
[Round "?"]
[White "DiepX"]
[Black "Hossa"]
[Result "1/2-1/2"]
[WhiteElo "2641"]
[BlackElo "2420"]
[PlyCount "242"]
[EventDate "1999.??.??"]

1. e4 Nf6 2. d3 e5 3. Nf3 Nc6 4. Be2 d5 5. Nbd2 Bb4 6. c3 Be7 7. b4 a6 8. Bb2
O-O 9. a4 Ng4 10. h3 Nf6 11. b5 dxe4 12. dxe4 Na5 13. O-O Nd7 14. Qc2 Bd6 15.
c4 Bb4 16. Rad1 Qe7 17. Nb3 Nxb3 18. Qxb3 Bd6 19. Qc3 axb5 20. axb5 Rd8 21. Qd2
Ra2 22. Ra1 Rxa1 23. Rxa1 Nc5 24. Qe3 Kh8 25. Ra8 b6 26. Ng5 Ne6 27. Nxe6 Bxe6
28. Rxd8+ Qxd8 29. Qf3 Qh4 30. Kf1 f5 31. exf5 Bxc4 32. Qa8+ Bg8 33. Qf3 Qb4
34. Qc3 Qxc3 35. Bxc3 Bd5 36. g4 c5 37. bxc6 Bxc6 38. Bc4 b5 39. Be6 b4 40. Bd2
Ba4 41. g5 b3 42. Bc3 Be7 43. f6 gxf6 44. gxf6 Bxf6 45. f4 h5 46. fxe5 Be7 47.
Bb2 Kh7 48. Ke2 Kg6 49. Kd3 Bb4 50. Kc4 Bd2 51. Bd5 Kg5 52. Bf7 Kh4 53. Kc5
Kxh3 54. Bxh5 Kh4 55. Bf7 Kg4 56. Be6+ Kf4 57. Bd5 Kf5 58. e6 Kg4 59. e7 Bg5
60. Kd6 Kf5 61. Bf7 Ke4 62. Bg6+ Kf3 63. e8=N Ke2 64. Ng7 Kd1 65. Ne6 Bc1 66.
Bd4 Bb5 67. Kd5 b2 68. Bc3 Be8 69. Bxe8 b1=Q 70. Bh5+ Kc2 71. Bg6+ Kxc3 72.
Bxb1 Be3 73. Bh7 Kd2 74. Ke4 Bb6 75. Nf4 Ba5 76. Nd5 Bc3 77. Bf5 Bb2 78. Bd7
Ke2 79. Ne3 Bc3 80. Nc4 Bf6 81. Bg4+ Ke1 82. Ke3 Bg5+ 83. Kf3 Bf6 84. Be6 Kd1
85. Bf5 Ke1 86. Be4 Kd1 87. Ke3 Ke1 88. Bb1 Bg5+ 89. Kf3 Bf6 90. Bd3 Kd1 91.
Ke4 Ke1 92. Ke3 Bg5+ 93. Kf3 Bf6 94. Bb1 Bg5 95. Bc2 Bf6 96. Ke3 Bg5+ 97. Ke4
Ke2 98. Bd3+ Kf2 99. Nd6 Be7 100. Nf5 Bg5 101. Nd4 Bf6 102. Ne6 Ke1 103. Ke3
Bc3 104. Be4 Kf1 105. Bc6 Ke1 106. Nc5 Bd2+ 107. Kd3 Bg5 108. Bd5 Bh6 109. Bf3
Kf2 110. Bh5 Kg2 111. Ne4 Bf4 112. Kd4 Kh3 113. Bf3 Kh4 114. Be2 Kh3 115. Bh5
Kh4 116. Bf3 Bg3 117. Bd1 Bf4 118. Kd5 Bc1 119. Ke5 Bb2+ 120. Ke6 Bd4 121. Bg4
121... Kxg4 {Game drawn because neither player has mating material} 1/2-1/2

[Event "ICS Rated blitz match"]
[Site "207.99.83.229"]
[Date "1999.07.13"]
[Round "?"]
[White "DiepX"]
[Black "Hossa"]
[Result "1-0"]
[WhiteElo "2640"]
[BlackElo "2430"]
[PlyCount "44"]
[EventDate "1999.??.??"]

1. e4 Nf6 2. Nc3 e5 3. f4 exf4 4. e5 Ng8 5. Nf3 a6 6. Qe2 Nc6 7. d4 Nge7 8. d5
Nb4 9. d6 Ned5 10. Nxd5 Nxd5 11. Qe4 c6 12. Bxf4 Nxf4 13. Qxf4 Qb6 14. O-O-O
Qf2 15. Bc4 Kd8 16. Qg5+ Ke8 17. Rhf1 Qxf1 18. Rxf1 h6 19. Bxf7+ Kxf7 20. Qf5+
Kg8 21. Nd2 Bxd6 22. exd6 22... a5 {Hossa resigns} 1-0

[Event "ICS Rated blitz match"]
[Site "207.99.83.229"]
[Date "1999.07.13"]
[Round "?"]
[White "DiepX"]
[Black "Hossa"]
[Result "0-1"]
[WhiteElo "2622"]
[BlackElo "2448"]
[PlyCount "128"]
[EventDate "1999.??.??"]

1. e4 Nf6 2. d3 e5 3. Nf3 Nc6 4. Be2 d5 5. Nbd2 Bb4 6. c3 Be7 7. Qb3 O-O 8.
exd5 Nxd5 9. Nc4 Bf6 10. Bd2 Rb8 11. O-O b5 12. Na3 Be6 13. Qd1 b4 14. cxb4
Ndxb4 15. Qa4 Qd7 16. Rfe1 Rfd8 17. Nc2 Nxc2 18. Qxc2 e4 19. dxe4 Rxb2 20. Qc1
Rxd2 21. Nxd2 Qxd2 22. Qxd2 Rxd2 23. Rac1 Nd4 24. Bd1 Bd8 25. a3 Rb2 26. g3 c6
27. Bh5 g6 28. Rb1 Rb5 29. Rxb5 Nxb5 30. a4 gxh5 31. axb5 cxb5 32. f4 a5 33. f5
Bc4 34. Kg2 Kf8 35. Kf3 Bc7 36. Rd1 Ke7 37. Ra1 Kf6 38. Rd1 Ke5 39. Rd7 Bb6 40.
Rb7 Bd4 41. Rb8 a4 42. Re8+ Kd6 43. Rd8+ Kc5 44. Ra8 Kb4 45. Kf4 a3 46. Kg5 f6+
47. Kxh5 Bb6 48. e5 Ba5 49. e6 a2 50. e7 Bf7+ 51. Kh6 a1=Q 52. Rf8 Qa2 53. h3
Bh5 54. Kxh5 Qe2+ 55. Kh4 Qxe7 56. Rg8 Kb3 57. Rg4 Bc3 58. Kh5 Qf7+ 59. Kh4 Be1
60. Re4 Qg7 61. Re3+ Kb4 62. Re4+ Ka5 63. Ra4+ Kxa4 64. Kh5 64... Qg5# {
DiepX checkmated} 0-1

[Event "ICS rated blitz match"]
[Site "207.99.83.229"]
[Date "1999.07.13"]
[Round "?"]
[White "StrongBach"]
[Black "Hossa"]
[Result "0-1"]
[WhiteElo "1807"]
[BlackElo "2493"]
[PlyCount "114"]
[EventDate "1999.??.??"]

1. Nc3 Nf6 2. f4 d5 3. Nf3 d4 4. Nb1 Nc6 5. Ne5 Nxe5 6. fxe5 Ng4 7. g3 Qd5 8.
Rg1 Nxh2 9. e6 Qxe6 10. Bg2 Qg6 11. Bh1 e5 12. Rg2 Bh3 13. Rg1 O-O-O 14. c4 Be7
15. Qb3 c6 16. Qa4 Kb8 17. Qa5 Qc2 18. Na3 Bxa3 19. bxa3 Ng4 20. Qb4 Ka8 21.
Bb2 Rhe8 22. d3 Ne3 23. Bf3 e4 24. Bxe4 Nxc4 25. Rh1 Bg4 26. Rh2 Nxb2 27. Qb3
Qxb3 28. axb3 f5 29. Ra2 fxe4 30. dxe4 Rxe4 31. Rxb2 d3 32. Rd2 Rxe2+ 33. Rhxe2
Bxe2 34. a4 Rf8 35. Ra2 Rf3 36. Rb2 Rxg3 37. Rd2 Rg1+ 38. Kf2 Rb1 39. Ra2 Rxb3
40. Rxe2 dxe2 41. Kxe2 Ra3 42. Ke1 a5 43. Kd2 c5 44. Kc2 Rxa4 45. Kc3 Ka7 46.
Kd3 Kb6 47. Ke2 Ra3 48. Kd2 Kb5 49. Kd1 Ra2 50. Kc1 Kc4 51. Kd1 a4 52. Ke1 a3
53. Kd1 Rb2 54. Kc1 Ra2 55. Kd1 Rh2 56. Ke1 a2 57. Kf1 57... a1=Q# {
StrongBach checkmated} 0-1

[Event "ICS rated blitz match"]
[Site "207.99.83.229"]
[Date "1999.07.13"]
[Round "?"]
[White "counterplay"]
[Black "Hossa"]
[Result "1/2-1/2"]
[WhiteElo "2792"]
[BlackElo "2494"]
[PlyCount "117"]
[EventDate "1999.??.??"]

1. e4 Nf6 2. e5 Nd5 3. d4 d6 4. Nf3 g6 5. Bc4 Nb6 6. Bb3 Bg7 7. Ng5 d5 8. f4 f6
9. Nf3 fxe5 10. Nxe5 O-O 11. Nc3 Nc6 12. Nxc6 bxc6 13. Be3 a5 14. Na4 Nxa4 15.
Bxa4 Rb8 16. Qd2 Rxb2 17. Qxa5 Rb6 18. Qc5 Qd6 19. Qxd6 cxd6 20. O-O Bf5 21.
Rae1 Rfb8 22. Bb3 e6 23. Rf3 Be4 24. Rf2 Bf6 25. Rfe2 Bf5 26. Rd2 Kh8 27. a4
Rb4 28. Ree2 Bg4 29. Re1 Kg8 30. a5 Ra8 31. h3 Bf5 32. Rde2 Bxd4 33. Bxd4 Rxd4
34. g4 Be4 35. Ra1 Rb4 36. h4 Rb7 37. Kf2 Rba7 38. Rd1 Rxa5 39. Rxe4 dxe4 40.
Rxd6 Kf8 41. Rxc6 R5a6 42. Rxe6 Rxe6 43. Bxe6 Ra3 44. Bb3 h5 45. gxh5 gxh5 46.
Ke3 Ra1 47. Kxe4 Rh1 48. c4 Rxh4 49. c5 Rh1 50. Bd5 Re1+ 51. Kf5 h4 52. Kg4 Rd1
53. Bb7 Rd7 54. c6 Rf7 55. f5 h3 56. Kxh3 Rxf5 57. c7 Rc5 58. c8=Q+ Rxc8 59.
Bxc8 {Game drawn because neither player has mating material} 1/2-1/2

[Event "ICS rated blitz match"]
[Site "207.99.83.229"]
[Date "1999.07.13"]
[Round "?"]
[White "Hossa"]
[Black "counterplay"]
[Result "0-1"]
[WhiteElo "2505"]
[BlackElo "2781"]
[PlyCount "70"]
[EventDate "1999.??.??"]

1. d4 Nf6 2. c4 g6 3. Nc3 d5 4. cxd5 Nxd5 5. e4 Nxc3 6. bxc3 Bg7 7. Bc4 c5 8.
Ne2 O-O 9. O-O Nc6 10. Be3 Qc7 11. Bd5 e6 12. Bxc6 Qxc6 13. f3 Rd8 14. Qd2 cxd4
15. cxd4 b6 16. Bg5 Rd7 17. Bh6 Bxh6 18. Qxh6 Ba6 19. Rac1 Qa4 20. Rfe1 Bxe2
21. Rxe2 Qxd4+ 22. Rf2 Rad8 23. Qg5 Qb4 24. Rcf1 Rd2 25. Kh1 Rxf2 26. Qxd8+ Kg7
27. Rc1 Rxa2 28. Rd1 Qb2 29. Rg1 Ra1 30. Qd7 a5 31. Rd1 Rxd1+ 32. Qxd1 a4 33.
f4 a3 34. h4 a2 35. Kh2 35... a1=Q {Hossa resigns} 0-1

[Event "ICS rated blitz match"]
[Site "207.99.83.229"]
[Date "1999.07.13"]
[Round "?"]
[White "counterplay"]
[Black "Hossa"]
[Result "1-0"]
[WhiteElo "2786"]
[BlackElo "2500"]
[PlyCount "47"]
[EventDate "1999.??.??"]

1. e4 Nf6 2. Nc3 d5 3. e5 Ne4 4. Nce2 d4 5. d3 Nc5 6. f4 Nc6 7. Nf3 Bg4 8. Ng3
Qd5 9. Be2 O-O-O 10. Bd2 f6 11. exf6 exf6 12. O-O Re8 13. Rf2 Bd7 14. Nh4 Qg8
15. b4 Ne6 16. b5 Nb4 17. f5 Ng5 18. Nf3 Nxf3+ 19. Bxf3 Nd5 20. Qc1 Bd6 21. Qb2
Bxg3 22. hxg3 Ne3 23. Qxd4 Nxc2 24. Qxa7 {Hossa resigns} 1-0

[Event "ICS rated blitz match"]
[Site "207.99.83.229"]
[Date "1999.07.13"]
[Round "?"]
[White "Hossa"]
[Black "counterplay"]
[Result "0-1"]
[WhiteElo "2495"]
[BlackElo "2791"]
[PlyCount "61"]
[EventDate "1999.??.??"]

1. d4 Nf6 2. c4 g6 3. Nc3 Bg7 4. e4 d6 5. f3 O-O 6. Be3 e5 7. Nge2 c6 8. Qd2
Nbd7 9. O-O-O a6 10. Bh6 Bxh6 11. Qxh6 b5 12. dxe5 dxe5 13. g3 Qe7 14. g4 Nb6
15. g5 Nfd7 16. Ng3 bxc4 17. Bh3 Nc5 18. Bxc8 Raxc8 19. Kb1 Nba4 20. Nxa4 Nxa4
21. Rd2 c3 22. bxc3 Rb8+ 23. Kc2 Qa3 24. Ne2 Rb2+ 25. Kd1 Rb1+ 26. Kc2 Qb2+ 27.
Kd3 Rd8+ 28. Ke3 Rxd2 29. Kf2 Rxe2+ 30. Kg3 Rg2+ 31. Kh4 {Hossa resigns} 0-1

[Event "ICS rated blitz match"]
[Site "207.99.83.229"]
[Date "1999.07.13"]
[Round "?"]
[White "DiepX"]
[Black "Hossa"]
[Result "1-0"]
[WhiteElo "2581"]
[BlackElo "2490"]
[PlyCount "89"]
[EventDate "1999.??.??"]

1. e4 Nf6 2. Nc3 d5 3. exd5 Nxd5 4. Bc4 Be6 5. Qf3 c6 6. Nge2 Nd7 7. Nxd5 cxd5
8. Bb3 Qa5 9. Qc3 Qxc3 10. Nxc3 Nb6 11. a4 O-O-O 12. d3 d4 13. Bxe6+ fxe6 14.
Ne4 Rd5 15. Bf4 Rf5 16. Bd2 Nd7 17. c3 e5 18. g4 Rf7 19. Ke2 Kb8 20. Ng5 Rf6
21. Nf3 Rg6 22. cxd4 exd4 23. Bf4+ e5 24. Bxe5+ Nxe5 25. Nxe5 Re6 26. f4 Bd6
27. Rae1 Bxe5 28. fxe5 Rxe5+ 29. Kd2 Rc5 30. b4 Rc6 31. b5 Rf6 32. Rhf1 h5 33.
g5 Rxf1 34. Rxf1 Kc8 35. Rf7 Rg8 36. g6 h4 37. Ke2 Re8+ 38. Kf2 Re3 39. Rxg7
Rxd3 40. Rg8+ Kd7 41. g7 Rd2+ 42. Kf3 Rxh2 43. Rd8+ Kxd8 44. g8=Q+ Ke7 45. Qg7+
{Hossa resigns} 1-0

[Event "ICS rated blitz match"]
[Site "207.99.83.229"]
[Date "1999.07.13"]
[Round "?"]
[White "Hossa"]
[Black "DiepX"]
[Result "0-1"]
[WhiteElo "2478"]
[BlackElo "2593"]
[PlyCount "54"]
[EventDate "1999.??.??"]

1. d4 Nf6 2. c4 e6 3. Nc3 Bb4 4. Bg5 c5 5. e4 Qa5 6. Bxf6 Bxc3+ 7. Ke2 gxf6 8.
bxc3 Qxc3 9. dxc5 Qxc4+ 10. Kf3 Qxc5 11. Bd3 d5 12. exd5 Qxd5+ 13. Be4 Qe5 14.
Rc1 O-O 15. Ne2 f5 16. Bb1 Bd7 17. Nd4 Rd8 18. Qd2 Bc6+ 19. Nxc6 Nxc6 20. Qg5+
Kh8 21. Rxc6 bxc6 22. h3 Rab8 23. Rc1 f6 24. Qf4 Qd5+ 25. Kg3 Rg8+ 26. Kh4 Qxg2
27. Bd3 27... e5 {Hossa resigns} 0-1

[Event "ICS Rated blitz match"]
[Site "207.99.83.229"]
[Date "1999.07.13"]
[Round "?"]
[White "DiepX"]
[Black "Hossa"]
[Result "1-0"]
[WhiteElo "2604"]
[BlackElo "2467"]
[PlyCount "63"]
[EventDate "1999.??.??"]

1. e4 Nf6 2. Nc3 d5 3. e5 Ne4 4. Nce2 d4 5. c3 Nc6 6. Nxd4 Nxe5 7. Qe2 Qd5 8.
Nb5 Kd8 9. c4 Nxc4 10. Qxc4 Qxc4 11. Bxc4 c6 12. Nc3 Nd6 13. Be2 e5 14. b3 Be7
15. Ba3 Re8 16. Nf3 Nf5 17. Bb2 Nd4 18. Bd1 Kc7 19. Rc1 Bf6 20. Nd5+ Kb8 21.
Nxf6 Nxf3+ 22. Bxf3 gxf6 23. Bh5 Rg8 24. f4 Rxg2 25. Bf3 Rg6 26. fxe5 Bh3 27.
Rc4 fxe5 28. Rh4 e4 29. Be5+ Kc8 30. Bxe4 Re6 31. d4 f5 32. Bd3 {Hossa resigns}
1-0

[Event "ICS Rated blitz match"]
[Site "207.99.83.229"]
[Date "1999.07.13"]
[Round "?"]
[White "Hossa"]
[Black "nimraz"]
[Result "1-0"]
[WhiteElo "2457"]
[BlackElo "2343"]
[PlyCount "115"]
[EventDate "1999.??.??"]

1. d4 g6 2. e4 Bg7 3. Ne2 c6 4. Bg5 h6 5. Bh4 d5 6. Nd2 h5 7. Rc1 Nh6 8. c4
dxe4 9. Qc2 Bf5 10. Nxe4 Nd7 11. Rd1 O-O 12. f3 Qa5+ 13. Rd2 e5 14. dxe5 Nxe5
15. Qb3 Be6 16. Nf4 Nf5 17. Nxe6 fxe6 18. Bg5 Nd4 19. Qxb7 Rab8 20. Qe7 Rxb2
21. a3 Rf7 22. Qe8+ Rf8 23. Qe7 Rf7 24. Qe8+ Kh7 25. Kf2 Ng4+ 26. Kg1 Rxf3 27.
Rxb2 Qe1 28. gxf3 Nxf3+ 29. Kg2 Qxe4 30. Re2 Qf5 31. h4 Nxg5 32. hxg5 Qxg5 33.
Qxe6 Ne5+ 34. Kh2 Qf4+ 35. Kg1 Nf3+ 36. Kg2 Be5 37. Qh3 Qg5+ 38. Kxf3 Qf4+ 39.
Kg2 Qg5+ 40. Kf2 Bd4+ 41. Kf3 Qf6+ 42. Ke4 Ba1 43. Qd7+ Kh6 44. Qxa7 Qf5+ 45.
Ke3 Bc3 46. a4 Qe5+ 47. Kd3 Qf6 48. Qe3+ g5 49. Reh2 Kg7 50. Rxh5 Bd2 51. Rh7+
Kf8 52. Qc5+ Ke8 53. Rh8+ Kf7 54. Rf8+ Kg6 55. Rxf6+ Kxf6 56. Qf8+ Ke5 57. Rh6
g4 58. Qf6# {nimraz checkmated} 1-0

[Event "ICS Rated blitz match"]
[Site "207.99.83.229"]
[Date "1999.07.13"]
[Round "?"]
[White "Hossa"]
[Black "DiepX"]
[Result "1-0"]
[WhiteElo "2468"]
[BlackElo "2614"]
[PlyCount "121"]
[EventDate "1999.??.??"]

1. d4 d5 2. c4 e5 3. dxe5 d4 4. e4 Nc6 5. Ne2 Be6 6. Qb3 Nxe5 7. Qb5+ Nc6 8.
Bg5 Bb4+ 9. Nd2 Qd7 10. O-O-O a6 11. Qa4 f6 12. Bh4 g5 13. Bg3 d3 14. Ng1 h5
15. a3 Bxd2+ 16. Rxd2 h4 17. Rxd3 Qf7 18. Bxc7 Qxc7 19. Ne2 b5 20. cxb5 Nb4+
21. Rc3 Na2+ 22. Kb1 Nxc3+ 23. Nxc3 Bd7 24. Nd5 Qd8 25. Qb3 h3 26. Qg3 hxg2 27.
Bxg2 Ra7 28. bxa6 Be6 29. Rd1 Bxd5 30. Rxd5 Qc7 31. Qxc7 Rxc7 32. h3 Ra7 33.
Bf1 Rh4 34. f3 Rf4 35. Bb5+ Kf8 36. Rd8+ Kf7 37. Rd7+ Rxd7 38. Bxd7 Rxf3 39. a7
Rd3 40. Bc8 Ne7 41. a8=Q Nxc8 42. Qxc8 Re3 43. Qd7+ Kf8 44. Qf5 Re1+ 45. Kc2
Ke7 46. b3 Re2+ 47. Kc3 Re3+ 48. Kb4 Re1 49. a4 Kf7 50. Qd5+ Kg7 51. Kb5 Re2
52. Qd7+ Kf8 53. Qc8+ Ke7 54. Qc5+ Ke8 55. Qc4 Rg2 56. Qe6+ Kd8 57. Ka5 Kc7 58.
Qe7+ Kc6 59. b4 Rb2 60. b5+ Rxb5+ 61. axb5# {DiepX checkmated} 1-0

[Event "ICS Rated blitz match"]
[Site "207.99.83.229"]
[Date "1999.07.13"]
[Round "?"]
[White "DiepX"]
[Black "Hossa"]
[Result "0-1"]
[WhiteElo "2592"]
[BlackElo "2490"]
[PlyCount "156"]
[EventDate "1999.??.??"]

1. e4 Nf6 2. Nc3 d5 3. e5 Ne4 4. Nce2 d4 5. d3 Nc5 6. f4 Nc6 7. a3 Bg4 8. b4
Na4 9. c4 Nc3 10. Qd2 e6 11. Nxc3 dxc3 12. Qxc3 Qd7 13. Be3 O-O-O 14. h3 Bh5
15. b5 Nd4 16. Bxd4 Qxd4 17. Qxd4 Rxd4 18. Kd2 Be7 19. g4 Bg6 20. Nf3 Rdd8 21.
Be2 Bc5 22. Rhf1 Rd7 23. Nh2 Be4 24. Rfd1 Rhd8 25. Kc2 Bg6 26. h4 Bd4 27. Rab1
h6 28. h5 Bh7 29. Rf1 Kb8 30. Rb3 Ka8 31. Kd2 f5 32. gxf5 Bxf5 33. Nf3 Bc5 34.
Nh4 Bh7 35. Ng2 Rd4 36. Rc1 g6 37. Rcc3 gxh5 38. a4 Rg8 39. Bf3 h4 40. f5 exf5
41. a5 Rg3 42. Ne1 Rf4 43. a6 Rgxf3 44. Nxf3 Rxf3 45. d4 Rxc3 46. Kxc3 Be7 47.
d5 b6 48. Rb2 Bg5 49. Re2 f4 50. e6 Bg6 51. Rh2 Kb8 52. Rf2 h3 53. Rh2 Bf5 54.
Kd2 f3+ 55. Kc3 Bh4 56. Rh1 f2 57. Kd4 h2 58. Ke3 h5 59. e7 Bxe7 60. Kxf2 Bc5+
61. Kf3 Bg1 62. Kf4 Bd3 63. Kf3 Bxc4 64. Ke4 h4 65. Ke5 Bf1 66. Ke6 Bg2 67. d6
cxd6 68. Rxh2 Bxh2 69. Kf5 Bg3 70. Kg4 Bf1 71. Kg5 h3 72. Kf5 h2 73. Kg4 Be5
74. Kf5 h1=Q 75. Kg6 Qh3 76. Kf7 Qh7+ 77. Kf8 Bf6 78. Ke8 78... Qe7# {
DiepX checkmated} 0-1

[Event "ICS Rated blitz match"]
[Site "207.99.83.229"]
[Date "1999.07.13"]
[Round "?"]
[White "Hossa"]
[Black "counterplay"]
[Result "0-1"]
[WhiteElo "2511"]
[BlackElo "2788"]
[PlyCount "26"]
[EventDate "1999.??.??"]

1. d4 Nf6 2. c4 e6 3. Nc3 Bb4 4. Bg5 h6 5. Bh4 c5 6. d5 d6 7. Rc1 e5 8. a3
Bxc3+ 9. Rxc3 g5 10. Bg3 Ne4 11. Re3 Qa5+ 12. b4 cxb4 13. Bxe5 13... dxe5 {
Hossa resigns} 0-1

[Event "ICS Rated blitz match"]
[Site "207.99.83.229"]
[Date "1999.07.13"]
[Round "?"]
[White "sombra"]
[Black "Hossa"]
[Result "1/2-1/2"]
[WhiteElo "2497"]
[BlackElo "2525"]
[PlyCount "104"]
[EventDate "1999.??.??"]

1. c3 d5 2. d4 Nf6 3. Bf4 e6 4. Nf3 Bd6 5. Bxd6 cxd6 6. e3 O-O 7. Bd3 Nc6 8.
O-O e5 9. Bb5 Bg4 10. h3 Bxf3 11. Qxf3 Qb6 12. Qe2 Rae8 13. Bxc6 bxc6 14. Qc2
c5 15. Rd1 Rb8 16. b3 Qa6 17. Nd2 Qe2 18. Re1 Qh5 19. dxc5 dxc5 20. c4 d4 21.
Rac1 Rbd8 22. Ne4 Nxe4 23. Qxe4 d3 24. Rcd1 Rfe8 25. Rd2 a5 26. Red1 Re6 27.
Qg4 Qxg4 28. hxg4 Red6 29. f3 f6 30. Kf2 g6 31. e4 a4 32. Ke3 axb3 33. axb3 Rb8
34. Rb1 Rbd8 35. Rbd1 Rb8 36. Rb1 Rbd8 37. b4 cxb4 38. Rxb4 Rd4 39. Rb3 Rxc4
40. Rbxd3 Rxd3+ 41. Rxd3 Rc7 42. Rd6 Kf7 43. Kf2 h6 44. Ra6 Rd7 45. Kg3 Kg7 46.
Re6 Rc7 47. Ra6 Rb7 48. Rc6 Ra7 49. Rb6 Kf7 50. Rc6 Ke7 51. Rb6 Rd7 52. Ra6
52... Kf7 {Game drawn by mutual agreement} 1/2-1/2

[Event "ICS Rated blitz match"]
[Site "207.99.83.229"]
[Date "1999.07.13"]
[Round "?"]
[White "counterplay"]
[Black "Hossa"]
[Result "1-0"]
[WhiteElo "2792"]
[BlackElo "2535"]
[PlyCount "73"]
[EventDate "1999.??.??"]

1. e4 Nf6 2. e5 Nd5 3. d4 d6 4. Nf3 g6 5. Bc4 Nb6 6. Bb3 Bg7 7. Ng5 d5 8. f4 f6
9. Nf3 fxe5 10. Nxe5 O-O 11. Nc3 Nc6 12. Nxc6 bxc6 13. Be3 a5 14. Na4 Nxa4 15.
Bxa4 Rb8 16. Bb3 a4 17. Bxa4 Rxb2 18. Bb3 c5 19. dxc5 Bc3+ 20. Bd2 Bf6 21. c3
Qd7 22. O-O Ba6 23. Re1 Bh4 24. Re5 c6 25. Qc1 Rxd2 26. Qxd2 Qg4 27. Ba4 Bb7
28. Bd1 Qd7 29. a4 Bf6 30. Re1 Bh4 31. Re4 Qf5 32. Rb4 Bc8 33. Bc2 Qh5 34. a5
e5 35. a6 Be7 36. Qe3 Bf6 37. a7 {Hossa resigns} 1-0

[Event "ICS Rated blitz match"]
[Site "207.99.83.229"]
[Date "1999.07.13"]
[Round "?"]
[White "Hossa"]
[Black "StrongBach"]
[Result "1-0"]
[WhiteElo "2529"]
[BlackElo "1971"]
[PlyCount "61"]
[EventDate "1999.??.??"]

1. d4 d5 2. c4 dxc4 3. e4 Nc6 4. d5 Ne5 5. Qd4 Qd6 6. Bf4 Nd3+ 7. Bxd3 Qxf4 8.
Qxc4 Bd7 9. Ne2 Qe5 10. Qc3 Qd6 11. O-O Rc8 12. Na3 c5 13. Bb5 Rc7 14. Rad1 Qf6
15. Qg3 Qb6 16. Nc4 Qxb5 17. Qxc7 f6 18. Rc1 Bg4 19. Nf4 Qa6 20. Ne3 Bd7 21.
Rxc5 g5 22. Nh5 Qxa2 23. Qxb7 Qa4 24. Rc4 Qa5 25. Rc7 Bb5 26. d6 g4 27. Qa8+
Kf7 28. Qd5+ Kg6 29. Nf4+ Kh6 30. Qh5+ Kg7 31. Nf5# {StrongBach checkmated} 1-0

[Event "ICS Rated blitz match"]
[Site "207.99.83.229"]
[Date "1999.07.13"]
[Round "?"]
[White "JudgeTurpin"]
[Black "Hossa"]
[Result "1-0"]
[WhiteElo "2500"]
[BlackElo "2527"]
[PlyCount "110"]
[EventDate "1999.??.??"]

1. Nf3 Nf6 2. g3 d5 3. Bg2 e6 4. O-O Bd6 5. d3 O-O 6. Nbd2 e5 7. c4 Nc6 8. cxd5
Nxd5 9. Ne4 Be7 10. Bd2 Rb8 11. Rc1 f5 12. Nc5 Bxc5 13. Rxc5 Qd6 14. Rc4 Bd7
15. Qb3 Be6 16. Ng5 Rfd8 17. Nxe6 Qxe6 18. Rc5 e4 19. dxe4 fxe4 20. Qc4 Rd6 21.
Qxe4 Qxe4 22. Bxe4 Nf6 23. Bd3 Rbd8 24. Bf4 R6d7 25. Bc4+ Kh8 26. f3 Re7 27. e4
Rd4 28. b3 a5 29. Ba6 Nd8 30. Be2 Ne6 31. Be3 b6 32. Rcc1 Rdd7 33. Bb5 Nd4 34.
Bxd7 Ne2+ 35. Kf2 Nxc1 36. Rxc1 Rxd7 37. Rc6 Ne8 38. Re6 Nf6 39. e5 Ng8 40. f4
Ne7 41. g4 Kg8 42. f5 Kf8 43. Kf3 Nd5 44. Bd2 c5 45. a4 Nc7 46. Rd6 Rxd6 47.
exd6 Na6 48. Bc3 Nb8 49. Ke4 Kf7 50. Kd5 g6 51. fxg6+ hxg6 52. h4 Ke8 53. Bg7
Kd7 54. h5 gxh5 55. gxh5 55... Nc6 {Hossa resigns} 1-0

[Event "ICS Rated blitz match"]
[Site "207.99.83.229"]
[Date "1999.07.13"]
[Round "?"]
[White "Hossa"]
[Black "JudgeTurpin"]
[Result "0-1"]
[WhiteElo "2510"]
[BlackElo "2517"]
[PlyCount "93"]
[EventDate "1999.??.??"]

1. d4 d5 2. c4 c6 3. Nc3 Nf6 4. cxd5 cxd5 5. f3 e6 6. Bg5 Bd7 7. e4 dxe4 8.
fxe4 Bb4 9. Rc1 h6 10. Bxf6 Qxf6 11. Nge2 Nc6 12. d5 Ne5 13. Ng3 exd5 14. exd5
O-O 15. a3 Bd6 16. Nce4 Qe7 17. Be2 f5 18. Nxd6 Qxd6 19. O-O Qb6+ 20. Rf2 Qxb2
21. Rb1 Qxa3 22. Rxb7 Qc5 23. Kf1 Ng4 24. Bxg4 fxg4 25. Ne4 Rxf2+ 26. Nxf2 Rf8
27. Rb2 Ba4 28. Qe1 g3 29. hxg3 Qxd5 30. Kg1 Bc6 31. Qf1 a5 32. Rc2 Kh8 33. g4
Rf6 34. Rc1 a4 35. Rd1 Qa5 36. Rb1 Rf8 37. Rc1 Qd5 38. Rd1 Qe5 39. Qd3 Qf4 40.
Rf1 Qf6 41. Kh2 Qe5+ 42. Kh3 Bb5 43. Qa3 Rf7 44. Rc1 Rxf2 45. Rc8+ Kh7 46. Rf8
Rc2 47. Rf3 {Hossa resigns} 0-1